[Event "EU-ch Seniors 65 22nd"]
[Site "Acqui Terme"]
[Date "2023.05.26"]
[Round "1"]
[White "Biro, Sandor"]
[Black "Cavatorta, Fosco"]
[Result "1-0"]
[WhiteElo "2089"]
[BlackElo "1709"]
[PlyCount "97"]
[EventDate "2023.05.26"]
[EventType "swiss"]
[EventRounds "9"]
[EventCountry "ITA"]
[SourceTitle "CBM 214 Extra"]
[Source "ChessBase"]
[SourceDate "2023.07.31"]
[SourceVersion "1"]
[SourceVersionDate "2023.07.31"]
[SourceQuality "1"]

1. e4 d6 2. d4 Nf6 3. Nc3 e5 4. Nf3 Nbd7 5. g4 Nxg4 6. Rg1 Ngf6 7. Bc4 h6 8. Be3 c6 9. Qd3 b5 10. Bb3 a5 11. dxe5 dxe5 12. a4 bxa4 13. Nxa4 Ba6 14. Bc4 Bxc4 15. Qxc4 Qc7 16. 0-0-0 Rb8 17. c3 Qb7 18. Nd2 g5 19. f3 Qb5 20. Qa2 Nc5 21. Nxc5 Bxc5 22. Bxc5 Qxc5 23. Nc4 0-0 24. Rg2 Rfd8 25. Rxd8+ Rxd8 26. Qxa5 Qxa5 27. Nxa5 Rc8 28. Nc4 Nd7 29. Rd2 Rc7 30. b4 f6 31. Rd6 Kf7 32. Na5 Nb8 33. c4 Ke7 34. c5 h5 35. h3 Kf7 36. Kc2 Kg6 37. Nc4 g4 38. fxg4 hxg4 39. Nxe5+ Kg5 40. Nxg4 Rh7 41. Nf2 Ra7 42. Kb3 Ra1 43. h4+ Kxh4 44. Rxf6 Rb1+ 45. Kc3 Na6 46. Nd3 Ra1 47. Rxc6 Ra3+ 48. Kc4 Nb8 49. Rd6 1-0

[Event "Arco op 43rd"]
[Site "Arco"]
[Date "2021.10.14"]
[Round "6"]
[White "Cavatorta, Fosco"]
[Black "Engesser, Jonas"]
[Result "0-1"]
[WhiteElo "1734"]
[BlackElo "2002"]
[PlyCount "58"]
[EventDate "2021.10.09"]
[EventType "swiss"]
[EventRounds "9"]
[EventCountry "ITA"]
[SourceTitle "CBM 204 Extra"]
[Source "ChessBase"]
[SourceDate "2021.11.30"]
[SourceVersion "1"]
[SourceVersionDate "2021.11.30"]
[SourceQuality "1"]

1. e4 c5 2. c3 d6 3. Nf3 Nf6 4. d3 Nbd7 5. Be2 g6 6. 0-0 Bg7 7. a4 c4 8. Nbd2 cxd3 9. Bxd3 0-0 10. Nb3 b6 11. Qe2 a6 12. a5 b5 13. Be3 Bb7 14. Bd4 e5 15. Be3 Nxe4 16. Bb6 Nxb6 17. Bxe4 Bxe4 18. Qxe4 Nc4 19. Qc2 Rc8 20. Nfd2 d5 21. Nxc4 bxc4 22. Nd2 Rc6 23. Ra4 Qc7 24. Rd1 Rc5 25. Rda1 Rb8 26. b4 cxb3 27. Qb2 Rxc3 28. Rc4 Rxc4 29. Nxc4 dxc4 0-1

[Event "Arco op 42nd"]
[Site "Arco"]
[Date "2020.10.11"]
[Round "2.48"]
[White "Cavatorta, Fosco"]
[Black "Degaudenz, Fabio"]
[Result "1-0"]
[WhiteElo "1791"]
[BlackElo "1517"]
[PlyCount "81"]
[EventDate "2020.10.10"]
[EventType "swiss"]
[EventRounds "9"]
[EventCountry "ITA"]
[SourceTitle "CBM 198 Extra"]
[Source "ChessBase"]
[SourceDate "2020.11.30"]
[SourceVersion "1"]
[SourceVersionDate "2020.11.30"]
[SourceQuality "1"]

1. Nf3 g6 2. g3 Bg7 3. Bg2 d6 4. 0-0 Nd7 5. d4 e6 6. b3 Ne7 7. Bb2 a6 8. c4 0-0 9. Nc3 Rb8 10. Qd2 b6 11. e4 Bb7 12. Rfe1 c5 13. d5 e5 14. h4 Nf6 15. Bh3 Bc8 16. Bxc8 Qxc8 17. Kg2 Ng4 18. Rf1 Bh6 19. Qe2 f5 20. Ng5 Bxg5 21. hxg5 f4 22. gxf4 exf4 23. Qf3 Ne5 24. Qh3 f3+ 25. Kg3 Qxh3+ 26. Kxh3 Rf4 27. Bc1 Rg4 28. Be3 Rf8 29. Rg1 Rxg1 30. Rxg1 Kg7 31. Kg3 Rh8 32. Bf4 Rf8 33. Bxe5+ dxe5 34. Rd1 Rd8 35. d6 Nc6 36. Rd5 Nd4 37. Na4 b5 38. Nxc5 bxc4 39. bxc4 Ne2+ 40. Kxf3 Nf4 41. Rxe5 1-0

[Event "Arco op 42nd"]
[Site "Arco"]
[Date "2020.10.10"]
[Round "1.16"]
[White "Urh, Zala"]
[Black "Cavatorta, Fosco"]
[Result "1-0"]
[WhiteElo "2195"]
[BlackElo "1791"]
[PlyCount "83"]
[EventDate "2020.10.10"]
[EventType "swiss"]
[EventRounds "9"]
[EventCountry "ITA"]
[SourceTitle "CBM 198 Extra"]
[Source "ChessBase"]
[SourceDate "2020.11.30"]
[SourceVersion "1"]
[SourceVersionDate "2020.11.30"]
[SourceQuality "1"]

1. d4 d6 2. Nf3 Nf6 3. c4 Nbd7 4. Nc3 e5 5. g3 Be7 6. Bg2 c6 7. 0-0 0-0 8. Qc2 Qc7 9. Rd1 a6 10. a4 a5 11. b3 exd4 12. Nxd4 Nc5 13. Rb1 Bg4 14. f3 Bh5 15. Nf5 Bg6 16. Nxe7+ Qxe7 17. e4 Rfd8 18. Be3 Rac8 19. Qf2 b6 20. Rb2 Nfd7 21. Bh3 Rb8 22. Bd4 Ne5 23. Qe2 h5 24. f4 Ng4 25. f5 Bh7 26. Bxg4 hxg4 27. Qxg4 f6 28. h4 Nd7 29. Qf4 Ne5 30. g4 Kh8 31. Rg2 g5 32. hxg5 fxg5 33. Qg3 Kg8 34. Rgd2 Nd7 35. Be3 Nc5 36. Rxd6 Rxd6 37. Qxd6 Qxd6 38. Rxd6 Nxb3 39. Bxg5 Re8 40. Bf6 Nc5 41. e5 Kf8 42. e6 1-0

[Event "Arco op 41st"]
[Site "Arco"]
[Date "2019.10.10"]
[Round "7"]
[White "Cortese, Lina"]
[Black "Cavatorta, Fosco"]
[Result "0-1"]
[WhiteElo "1622"]
[BlackElo "1794"]
[PlyCount "106"]
[EventDate "2019.10.04"]
[EventType "swiss"]
[EventRounds "9"]
[EventCountry "ITA"]
[SourceTitle "EXT 2020"]
[Source "ChessBase"]
[SourceDate "2019.10.17"]
[SourceVersion "1"]
[SourceVersionDate "2019.10.17"]
[SourceQuality "1"]

1. c4 e5 2. Nc3 d6 3. g3 f5 4. d3 Nf6 5. Bg2 Be7 6. Nf3 0-0 7. 0-0 Qe8 8. Bg5 h6 9. Bxf6 Bxf6 10. Nd5 Bd8 11. e3 c6 12. Nc3 Nd7 13. b4 Nf6 14. b5 g5 15. Qb3 Kh8 16. bxc6 bxc6 17. Rab1 f4 18. exf4 gxf4 19. d4 fxg3 20. fxg3 Ng4 21. Rbe1 Qh5 22. h3 Nf6 23. Nh4 Rg8 24. Ne4 Nxe4 25. Rxe4 Bb6 26. Kh2 Bxd4 27. Bf3 Qg5 28. Bg2 Be6 29. Rxd4 exd4 30. Qd3 Rac8 31. Qxd4+ Qe5 32. Qxe5+ dxe5 33. Rf6 Bd7 34. Rxh6+ Kg7 35. Rd6 Rc7 36. Be4 Rf8 37. Nf3 Rf6 38. Rd2 Bf5 39. Bxf5 Rxf5 40. Kg2 Rcf7 41. Ne1 e4 42. Re2 Ra5 43. g4 Ra3 44. Rxe4 Rxa2+ 45. Kg3 Rff2 46. h4 Rfe2 47. Rxe2 Rxe2 48. Nf3 Re4 49. Nd2 Rd4 50. Nf3 Rxc4 51. h5 a5 52. Nd2 Rd4 53. Nf3 Rd3 0-1

[Event "Arco op 41st"]
[Site "Arco"]
[Date "2019.10.07"]
[Round "4"]
[White "Cavatorta, Fosco"]
[Black "Jirillo, Antonio"]
[Result "1-0"]
[WhiteElo "1794"]
[BlackElo "1492"]
[PlyCount "36"]
[EventDate "2019.10.04"]
[EventType "swiss"]
[EventRounds "9"]
[EventCountry "ITA"]
[SourceTitle "EXT 2020"]
[Source "ChessBase"]
[SourceDate "2019.10.17"]
[SourceVersion "1"]
[SourceVersionDate "2019.10.17"]
[SourceQuality "1"]

1. Nf3 e6 2. d4 f5 3. Bf4 Nf6 4. e3 c6 5. Bd3 d5 6. 0-0 Be7 7. c4 0-0 8. Nc3 Ne4 9. cxd5 exd5 10. h3 g5 11. Bh2 Be6 12. Ne5 Nd7 13. f3 Nef6 14. Qe2 Nxe5 15. Bxe5 Bd6 16. e4 f4 17. Bxf6 Qe8 18. e5 Bc7 1-0

[Event "Arco op 41st"]
[Site "Arco"]
[Date "2019.10.06"]
[Round "3"]
[White "Bergero, Simone"]
[Black "Cavatorta, Fosco"]
[Result "1-0"]
[WhiteElo "1984"]
[BlackElo "1794"]
[PlyCount "53"]
[EventDate "2019.10.04"]
[EventType "swiss"]
[EventRounds "9"]
[EventCountry "ITA"]
[SourceTitle "EXT 2020"]
[Source "ChessBase"]
[SourceDate "2019.10.17"]
[SourceVersion "1"]
[SourceVersionDate "2019.10.17"]
[SourceQuality "1"]

1. d4 d6 2. Nf3 Nf6 3. c4 Nbd7 4. Nc3 e5 5. e4 Be7 6. Be2 0-0 7. 0-0 c6 8. h3 a6 9. a4 a5 10. Be3 Qc7 11. Qd2 exd4 12. Bxd4 Nc5 13. Bxc5 dxc5 14. e5 Rd8 15. Qe3 Ne8 16. Bd3 Be6 17. Rad1 Qc8 18. Ng5 Bxg5 19. Qxg5 Rxd3 20. Rxd3 Bxc4 21. Rg3 Bxf1 22. Ne4 Kh8 23. Nd6 Qe6 24. Nxe8 Qh6 25. Qe7 g6 26. e6 f5 27. Qf6+ 1-0

[Event "Arco op 41st"]
[Site "Arco"]
[Date "2019.10.04"]
[Round "1"]
[White "Heidel, Andre Nicolas"]
[Black "Cavatorta, Fosco"]
[Result "1-0"]
[WhiteElo "2140"]
[BlackElo "1794"]
[PlyCount "58"]
[EventDate "2019.10.04"]
[EventType "swiss"]
[EventRounds "9"]
[EventCountry "ITA"]
[SourceTitle "EXT 2020"]
[Source "ChessBase"]
[SourceDate "2019.10.17"]
[SourceVersion "1"]
[SourceVersionDate "2019.10.17"]
[SourceQuality "1"]

1. d4 d6 2. e4 Nf6 3. Nc3 e5 4. Nf3 Nbd7 5. Bc4 Be7 6. Bxf7+ Kxf7 7. Ng5+ Kg8 8. Ne6 Qe8 9. Nxc7 Qg6 10. 0-0 Rb8 11. f4 exd4 12. Qxd4 Qf7 13. Kh1 d5 14. N3xd5 Bc5 15. Nxf6+ gxf6 16. Qc3 b5 17. f5 b4 18. Qg3+ Kf8 19. Ne6+ Ke7 20. Nxc5 Rg8 21. Qf2 Qc4 22. Bf4 Rb6 23. Nxd7 Bxd7 24. Rad1 Rc8 25. Qh4 Qg8 26. e5 Bxf5 27. exf6+ Kf7 28. Bg5 Rxc2 29. Rxf5 Rb7 1-0

[Event "Imperia op-A 50th"]
[Site "Imperia"]
[Date "2018.09.07"]
[Round "7.13"]
[White "Cavatorta, Fosco"]
[Black "Valenti, Giuseppe"]
[Result "0-1"]
[WhiteElo "1841"]
[BlackElo "2036"]
[PlyCount "116"]
[EventDate "2018.09.02"]
[EventType "swiss"]
[EventRounds "9"]
[EventCountry "ITA"]
[SourceTitle "EXT 2024"]
[Source "ChessBase"]
[SourceDate "2023.10.10"]
[SourceVersion "1"]
[SourceVersionDate "2023.10.10"]
[SourceQuality "1"]

1. d4 e6 2. Nf3 Nf6 3. e3 c5 4. Bd3 Be7 5. 0-0 cxd4 6. exd4 d6 7. c4 Qc7 8. Nc3 a6 9. Re1 b6 10. d5 e5 11. h3 Nbd7 12. Be3 0-0 13. Rc1 Re8 14. b4 Bf8 15. Ng5 h6 16. Nge4 Nxe4 17. Nxe4 f5 18. Nc3 e4 19. Bb1 Ne5 20. Na4 Rb8 21. c5 bxc5 22. bxc5 dxc5 23. Nxc5 Qd6 24. Qa4 Rb5 25. Qd4 Be7 26. a4 Rb8 27. Qd2 Bf6 28. Bd4 Kh8 29. Be3 g5 30. Qd1 Kg7 31. Qh5 Rh8 32. Qd1 g4 33. hxg4 Nxg4 34. Bd4 Qxd5 35. Bxf6+ Nxf6 36. Qxd5 Nxd5 37. Ba2 Nb4 38. Rb1 a5 39. Bc4 Kf6 40. Red1 Ke7 41. Rb3 Rb6 42. Rh3 Rc6 43. Nb3 Rxc4 44. Nxa5 Rc5 45. Nb3 Rc7 46. Nd4 Rc4 47. Nb5 Nd3 48. Rb1 Bd7 49. Rh5 Nc5 50. Nc7 Nxa4 51. Nd5+ Kf7 52. Ne3 Rc5 53. g3 Kg6 54. Rh4 Rhc8 55. Kg2 Rc1 56. Rb7 Nc5 57. Ra7 Nd3 58. Ra2 Ne1+ 0-1

[Event "Imperia op-A 50th"]
[Site "Imperia"]
[Date "2018.09.06"]
[Round "6.10"]
[White "Wunder, Fabian"]
[Black "Cavatorta, Fosco"]
[Result "1-0"]
[WhiteElo "2056"]
[BlackElo "1841"]
[PlyCount "101"]
[EventDate "2018.09.02"]
[EventType "swiss"]
[EventRounds "9"]
[EventCountry "ITA"]
[SourceTitle "EXT 2024"]
[Source "ChessBase"]
[SourceDate "2023.10.10"]
[SourceVersion "1"]
[SourceVersionDate "2023.10.10"]
[SourceQuality "1"]

1. d4 d6 2. Nf3 Nf6 3. c4 Nbd7 4. Nc3 e5 5. e4 Be7 6. d5 Nc5 7. Qc2 a5 8. Be2 0-0 9. h3 Bd7 10. Be3 b6 11. g4 Ne8 12. 0-0-0 Qc8 13. Rdg1 a4 14. g5 g6 15. Nh2 f5 16. gxf6 Nxf6 17. Ng4 Nxg4 18. Bxg4 Rf7 19. Bxd7 Qxd7 20. h4 Kh8 21. h5 gxh5 22. Rxh5 Rg8 23. Qd1 Rxg1 24. Qxg1 Rg7 25. Qd1 Qg4 26. Qxg4 Rxg4 27. Bxc5 bxc5 28. Kd2 Kg7 29. Rh3 Bg5+ 30. Ke2 Bc1 31. Rg3 Rxg3 32. fxg3 Bxb2 33. Nb5 Kf6 34. Nxc7 Bc1 35. Nb5 Ke7 36. Nc3 h5 37. Nxa4 Kd7 38. Nc3 Bg5 39. Nb5 Be7 40. Na7 Bd8 41. Nc6 Bg5 42. Kd3 Kc7 43. Kc2 Bf4 44. gxf4 h4 45. f5 Kd7 46. f6 Ke8 47. Ne7 h3 48. Nf5 h2 49. Ng3 Kf7 50. Kd2 Kxf6 51. Ke2 1-0

[Event "Imperia op-A 50th"]
[Site "Imperia"]
[Date "2018.09.05"]
[Round "5.10"]
[White "Cavatorta, Fosco"]
[Black "Dritsakos, Alessio"]
[Result "0-1"]
[WhiteElo "1841"]
[BlackElo "2002"]
[PlyCount "100"]
[EventDate "2018.09.02"]
[EventType "swiss"]
[EventRounds "9"]
[EventCountry "ITA"]
[SourceTitle "EXT 2024"]
[Source "ChessBase"]
[SourceDate "2023.10.10"]
[SourceVersion "1"]
[SourceVersionDate "2023.10.10"]
[SourceQuality "1"]

1. d4 d5 2. Nf3 Nf6 3. e3 c5 4. c3 e6 5. Bd3 Nc6 6. 0-0 Be7 7. Nbd2 0-0 8. dxc5 Bxc5 9. b4 Bd6 10. Bb2 e5 11. e4 Bg4 12. a3 Rc8 13. Rc1 Bb8 14. Qe2 dxe4 15. Nxe4 Nxe4 16. Bxe4 f5 17. Rfd1 Qc7 18. Bd5+ Kh8 19. h3 Bh5 20. Be6 e4 21. Rd7 exf3 22. Rxc7 fxe2 23. Rxc8 Rxc8 24. Bxc8 Bf4 25. Ra1 Bd2 26. Bxb7 Ne5 27. Ba6 e1Q+ 28. Rxe1 Bxe1 29. c4 Bxf2+ 30. Kxf2 Nd3+ 31. Ke3 Nxb2 32. c5 Be8 33. Kd4 Kg8 34. Kd5 Na4 35. Kd6 Kf8 36. Bd3 f4 37. Bxh7 g6 38. Ke5 Kg7 39. Bxg6 Kxg6 40. Kxf4 Kf6 41. g4 Nb2 42. g5+ Ke6 43. h4 Nc4 44. h5 Nxa3 45. g6 Kf6 46. Ke4 Nc2 47. Kd3 Nxb4+ 48. Kc4 a5 49. Kb3 Nd3 50. Kc4 Nf4 0-1

[Event "Imperia op-A 50th"]
[Site "Imperia"]
[Date "2018.09.04"]
[Round "3.12"]
[White "Cavatorta, Fosco"]
[Black "Ranieri, Valerio"]
[Result "1-0"]
[WhiteElo "1841"]
[BlackElo "2074"]
[PlyCount "99"]
[EventDate "2018.09.02"]
[EventType "swiss"]
[EventRounds "9"]
[EventCountry "ITA"]
[SourceTitle "EXT 2024"]
[Source "ChessBase"]
[SourceDate "2023.10.10"]
[SourceVersion "1"]
[SourceVersionDate "2023.10.10"]
[SourceQuality "1"]

1. d4 Nf6 2. Nf3 g6 3. g3 Bg7 4. Bg2 d6 5. 0-0 0-0 6. b3 Nfd7 7. Bb2 Nc6 8. c4 e5 9. dxe5 Ndxe5 10. Nxe5 Nxe5 11. Nc3 Rb8 12. Qd2 Be6 13. Rad1 Qd7 14. Nd5 c6 15. Nf4 Rbd8 16. Ba3 c5 17. Nxe6 fxe6 18. f4 Nf7 19. Bxc5 b5 20. Bd4 e5 21. fxe5 dxe5 22. Be3 Qxd2 23. Rxd2 Rxd2 24. Bxd2 bxc4 25. bxc4 Nd6 26. Bd5+ Kh8 27. Rxf8+ Bxf8 28. Bc3 Bg7 29. a4 Bf6 30. c5 Ne8 31. e4 Kg7 32. Kf2 Kf8 33. Ba5 Be7 34. Bb4 Nc7 35. Bc4 Kg7 36. Ke2 Kf6 37. Kf3 Ne8 38. Ke3 a5 39. Ba3 Nc7 40. Kd3 Kg5 41. h3 Kf6 42. Bg8 h5 43. Kc4 Kg7 44. Bd5 Kf6 45. Bc1 g5 46. Be3 g4 47. h4 Kg7 48. Bd2 Bd8 49. Bc3 Kf6 50. Bxa5 1-0

[Event "Imperia op-A 50th"]
[Site "Imperia"]
[Date "2018.09.02"]
[Round "1.12"]
[White "Cavatorta, Fosco"]
[Black "Lagrotteria, Salvatore"]
[Result "1/2-1/2"]
[WhiteElo "1841"]
[BlackElo "2148"]
[PlyCount "60"]
[EventDate "2018.09.02"]
[EventType "swiss"]
[EventRounds "9"]
[EventCountry "ITA"]
[SourceTitle "EXT 2024"]
[Source "ChessBase"]
[SourceDate "2023.10.10"]
[SourceVersion "1"]
[SourceVersionDate "2023.10.10"]
[SourceQuality "1"]

1. d4 Nf6 2. Nf3 g6 3. g3 Bg7 4. Bg2 d6 5. 0-0 0-0 6. b3 a5 7. Bb2 Nbd7 8. c4 c6 9. Nc3 Qc7 10. e4 Rd8 11. Qe2 e5 12. dxe5 Nxe5 13. Nxe5 dxe5 14. Rfd1 Be6 15. Na4 b6 16. Rxd8+ Rxd8 17. Rd1 Rxd1+ 18. Qxd1 Bf8 19. h3 Nd7 20. Kh2 f6 21. h4 Qc8 22. h5 Qe8 23. Bf3 Qf7 24. Kg2 Qe7 25. hxg6 hxg6 26. Bg4 f5 27. Bf3 f4 28. Bg4 fxg3 29. Bxe6+ Qxe6 30. fxg3 Be7 1/2-1/2

[Event "Gabicce Mare op 1st"]
[Site "Gabicce Mare"]
[Date "2013.12.05"]
[Round "7"]
[White "Guzzetti, Luigi Enrico"]
[Black "Cavatorta, Fosco"]
[Result "1/2-1/2"]
[WhiteElo "1917"]
[BlackElo "1930"]
[PlyCount "106"]
[EventDate "2013.01.02"]
[EventType "swiss"]
[EventRounds "9"]
[EventCountry "ITA"]
[SourceTitle "EXT 2015"]
[Source "ChessBase"]
[SourceDate "2014.11.20"]
[SourceVersion "1"]
[SourceVersionDate "2014.11.20"]
[SourceQuality "1"]

1. e4 d6 2. d4 Nf6 3. Bd3 Nc6 4. c3 e5 5. d5 Ne7 6. Nf3 g6 7. Nbd2 Bg7 8. 0-0 0-0 9. Re1 Ne8 10. Nf1 Bg4 11. Ne3 Bd7 12. Bd2 Bh6 13. h3 f5 14. exf5 gxf5 15. Nh2 Ng7 16. Nef1 Bxd2 17. Qxd2 Ng6 18. g3 Rf6 19. c4 Kh8 20. Rac1 Qg8 21. Rc3 Raf8 22. Re2 Nh5 23. Kh1 e4 24. Bc2 Ne5 25. c5 Bb5 26. Re1 Qg7 27. a4 Bxf1 28. Rxf1 Rh6 29. h4 f4 30. Bxe4 fxg3 31. Rg1 Rhf6 32. fxg3 Rf2 33. Qc1 Rxh2+ 34. Kxh2 Ng4+ 35. Kh1 Nf2+ 36. Kh2 Nxe4 37. Re3 Rf2+ 38. Rg2 Rxg2+ 39. Kxg2 Nhf6 40. cxd6 Nxd6 41. Qd1 Qf7 42. Re6 Nfe4 43. Qd4+ Kg8 44. Rxe4 Nxe4 45. Qxe4 Qf6 46. Qg4+ Kf7 47. b4 Qb2+ 48. Kf3 Qb1 49. Qe6+ Kg7 50. Qe7+ Kg6 51. Qe8+ Kf6 52. Qd8+ Kg6 53. Qg8+ Kf6 1/2-1/2

[Event "Imperia op-A 55th"]
[Site "Imperia"]
[Date "2013.09.07"]
[Round "9"]
[White "Cavatorta, Fosco"]
[Black "Di Lascio, Savino"]
[Result "0-1"]
[WhiteElo "1919"]
[BlackElo "1900"]
[PlyCount "64"]
[EventDate "2013.09.01"]
[EventType "swiss"]
[EventRounds "9"]
[EventCountry "ITA"]
[SourceTitle "EXT 2015"]
[Source "ChessBase"]
[SourceDate "2014.11.20"]
[SourceVersion "1"]
[SourceVersionDate "2014.11.20"]
[SourceQuality "1"]

1. d4 Nf6 2. Nf3 d6 3. Nc3 Nbd7 4. e4 e5 5. h3 h6 6. g4 Be7 7. Bg2 c6 8. 0-0 Qc7 9. Ne2 Nxe4 10. Qd3 Ng5 11. Nxg5 hxg5 12. Ng3 Nf8 13. Nh5 Ne6 14. dxe5 dxe5 15. Re1 g6 16. Ng3 Bd7 17. c3 0-0-0 18. Qe3 Nf4 19. Qxe5 Qxe5 20. Rxe5 Bf6 21. Re4 Nxh3+ 22. Kf1 Be6 23. Be3 a6 24. f3 b5 25. Bd4 Bc4+ 26. Ne2 Bxd4 27. Bxh3 Rxh3 28. Kg2 Rdh8 29. Nxd4 Rh2+ 30. Kg1 Rh1+ 31. Kf2 Rxa1 32. Nxc6 Rxa2 0-1

[Event "Gabicce Mare op 1st"]
[Site "Gabicce Mare"]
[Date "2013.01.06"]
[Round "9"]
[White "Cavatorta, Fosco"]
[Black "Fronzi, Ettore"]
[Result "0-1"]
[WhiteElo "1930"]
[BlackElo "1925"]
[PlyCount "50"]
[EventDate "2013.01.02"]
[EventType "swiss"]
[EventRounds "9"]
[EventCountry "ITA"]
[SourceTitle "EXT 2015"]
[Source "ChessBase"]
[SourceDate "2014.11.20"]
[SourceVersion "1"]
[SourceVersionDate "2014.11.20"]
[SourceQuality "1"]

1. d4 e6 2. Nf3 Nf6 3. e3 b6 4. Bd3 Bb7 5. 0-0 d6 6. c4 c5 7. Nc3 cxd4 8. exd4 Be7 9. d5 e5 10. Ng5 0-0 11. Nce4 Nbd7 12. Nxf6+ Nxf6 13. Re1 h6 14. Nf3 Bc8 15. h3 Ne8 16. Nh2 f5 17. Bc2 Nf6 18. Nf1 Qe8 19. Ng3 Nh7 20. Qe2 Bd7 21. Kh2 Rc8 22. f4 Bh4 23. fxe5 f4 24. Ne4 Qxe5 25. Rf1 f3+ 0-1

[Event "Imperia op-A 54th"]
[Site "Imperia"]
[Date "2012.09.05"]
[Round "5"]
[White "Cavatorta, Fosco"]
[Black "Krouzel, Jaroslav"]
[Result "1-0"]
[WhiteElo "1915"]
[BlackElo "2172"]
[PlyCount "65"]
[EventDate "2012.09.02"]
[EventType "swiss"]
[EventRounds "9"]
[EventCountry "ITA"]
[SourceTitle "EXT 2014"]
[Source "ChessBase"]
[SourceDate "2013.11.20"]
[SourceVersion "1"]
[SourceVersionDate "2013.11.20"]
[SourceQuality "1"]

1. d4 f5 2. Bf4 Nf6 3. e3 g6 4. h4 h6 5. Nf3 d6 6. Bc4 Bg7 7. Nc3 e6 8. Qe2 Ne4 9. Nxe4 fxe4 10. Nd2 d5 11. Bb3 Nd7 12. f3 exf3 13. Nxf3 c6 14. c3 Qe7 15. Bc2 Nf8 16. Ne5 Bxe5 17. Bxe5 Rg8 18. Qg4 b6 19. h5 g5 20. 0-0 Ba6 21. Rf6 0-0-0 22. Rxh6 Re8 23. a4 Nd7 24. a5 Nxe5 25. dxe5 Kb7 26. Rh7 Rg7 27. Rxg7 Qxg7 28. Bg6 Re7 29. axb6 Qxe5 30. Qd4 Qxd4 31. cxd4 Rg7 32. bxa7 Rg8 33. Kh2 1-0

[Event "ITA-ch Seniors 34th"]
[Site "Arvier"]
[Date "2012.04.22"]
[Round "9"]
[White "Cavatorta, Fosco"]
[Black "Brioschi, Camillo"]
[Result "1-0"]
[WhiteElo "1929"]
[BlackElo "1839"]
[PlyCount "79"]
[EventDate "2012.04.14"]
[EventType "swiss"]
[EventRounds "9"]
[EventCountry "ITA"]
[SourceTitle "CBM 148 Extra"]
[Source "ChessBase"]
[SourceDate "2012.06.22"]
[SourceVersion "1"]
[SourceVersionDate "2012.06.22"]
[SourceQuality "1"]

1. d4 Nf6 2. Nf3 e6 3. e3 b6 4. Bd3 Bb7 5. 0-0 Be7 6. c4 d6 7. Nc3 Nbd7 8. e4 e5 9. Qe2 c6 10. Rd1 0-0 11. Bc2 Qc7 12. Bg5 Rfe8 13. Rac1 Nf8 14. Bxf6 Bxf6 15. d5 c5 16. Ba4 Red8 17. b3 Ng6 18. g3 Bc8 19. Bc6 Rb8 20. Kg2 Bg4 21. h3 Bh5 22. Kh2 Qc8 23. Qe3 Bxf3 24. Qxf3 Nf8 25. Qf5 Ne6 26. dxe6 Qxc6 27. exf7+ Kxf7 28. Nd5 Qd7 29. Qh5+ g6 30. Qf3 Qe6 31. Rd3 Rd7 32. Rcd1 Rbd8 33. a4 Kg7 34. a5 bxa5 35. Ra1 Rf8 36. Qe2 Bd8 37. Rc3 Rdf7 38. Rf1 g5 39. Ne3 Rf3 40. Nf5+ 1-0

[Event "ITA-ch Seniors 34th"]
[Site "Arvier"]
[Date "2012.04.21"]
[Round "8"]
[White "Acunzo, Domenico"]
[Black "Cavatorta, Fosco"]
[Result "0-1"]
[WhiteElo "1717"]
[BlackElo "1929"]
[PlyCount "106"]
[EventDate "2012.04.14"]
[EventType "swiss"]
[EventRounds "9"]
[EventCountry "ITA"]
[SourceTitle "CBM 148 Extra"]
[Source "ChessBase"]
[SourceDate "2012.06.22"]
[SourceVersion "1"]
[SourceVersionDate "2012.06.22"]
[SourceQuality "1"]

1. e4 d6 2. d4 Nf6 3. Nc3 c6 4. f4 Qa5 5. Bd3 e5 6. Nf3 exd4 7. Nxd4 g6 8. Nf3 Bg7 9. Bd2 Qc7 10. Qe2 0-0 11. 0-0-0 b5 12. Rde1 Re8 13. e5 dxe5 14. fxe5 Ng4 15. Bf4 Nd7 16. Qd2 Ngxe5 17. Kb1 Bb7 18. h4 Nxf3 19. gxf3 Rxe1+ 20. Rxe1 Qd8 21. h5 Nf6 22. hxg6 fxg6 23. Bg5 Qf8 24. f4 Rd8 25. f5 gxf5 26. Qf4 b4 27. Nd1 Bc8 28. Nf2 Nd5 29. Qh4 Re8 30. Rh1 h6 31. Bd2 a5 32. Bc4 Qe7 33. Qh5 Qf7 34. Qh3 Qf6 35. c3 Kh7 36. Nd1 bxc3 37. Nxc3 Nb6 38. Bd3 Nd5 39. Bc2 Nb4 40. Bd1 f4 41. Qh5 Bf5+ 42. Ka1 Rd8 43. Qe2 Qd6 44. Ne4 Qg6 45. Bxb4 Bxe4 46. Be7 Re8 47. Rg1 Qxg1 48. Qxe4+ Qg6 49. Qxg6+ Kxg6 50. Bc2+ Kf7 51. Bh4 Re2 52. Bb3+ Kg6 53. a4 Rxb2 0-1

[Event "Arco op 33rd"]
[Site "Arco"]
[Date "2011.10.24"]
[Round "3"]
[White "Bortolotti, Silvano"]
[Black "Cavatorta, Fosco"]
[Result "0-1"]
[WhiteElo "1771"]
[BlackElo "1905"]
[PlyCount "88"]
[EventDate "2011.10.22"]
[EventType "swiss"]
[EventRounds "9"]
[EventCountry "ITA"]
[SourceTitle "EXT 2012"]
[Source "ChessBase"]
[SourceDate "2011.11.24"]
[SourceVersion "1"]
[SourceVersionDate "2011.11.24"]
[SourceQuality "1"]

1. e4 d6 2. d4 Nf6 3. Nc3 Nbd7 4. f4 e5 5. Nf3 exd4 6. Nxd4 g6 7. Bc4 Bg7 8. 0-0 0-0 9. Nf3 Re8 10. e5 dxe5 11. fxe5 Nxe5 12. Qxd8 Nxf3+ 13. Rxf3 Rxd8 14. Bg5 Rd6 15. Raf1 Bf5 16. Bxf6 Bxf6 17. Nd5 Bd4+ 18. Kh1 Be6 19. Ne7+ Kh8 20. Bxe6 fxe6 21. c3 Bg7 22. Rh3 e5 23. Rhf3 Re8 24. Rf7 c6 25. Nxg6+ hxg6 26. Rxb7 Rf8 27. Rxf8+ Bxf8 28. h4 Rd1+ 29. Kh2 Bd6 30. Kg3 e4+ 31. Kf2 Bc5+ 32. Ke2 Rg1 33. b4 Rxg2+ 34. Kf1 Rg1+ 35. Ke2 Rb1 36. Rc7 Rb2+ 37. Kd1 Bf2 38. Rxc6 e3 39. Re6 Rd2+ 40. Kc1 Rxa2 41. Kd1 Kg7 42. c4 Rd2+ 43. Kc1 Rd4 44. c5 Rxb4 0-1

[Event "Arco op 33rd"]
[Site "Arco"]
[Date "2011.10.22"]
[Round "1"]
[White "Cavatorta, Fosco"]
[Black "Stella, Andrea"]
[Result "0-1"]
[WhiteElo "1905"]
[BlackElo "2447"]
[PlyCount "84"]
[EventDate "2011.10.22"]
[EventType "swiss"]
[EventRounds "9"]
[EventCountry "ITA"]
[SourceTitle "EXT 2024"]
[Source "ChessBase"]
[SourceDate "2023.10.10"]
[SourceVersion "1"]
[SourceVersionDate "2023.10.10"]
[SourceQuality "1"]

1. d4 Nf6 2. Nf3 g6 3. Nc3 d5 4. Bf4 Bg7 5. e3 0-0 6. Be2 c6 7. h3 Nbd7 8. Qd2 Qb6 9. Na4 Qd8 10. Nc3 b6 11. Ne5 Bb7 12. g4 c5 13. h4 cxd4 14. exd4 Ne4 15. Nxe4 dxe4 16. Rg1 Nxe5 17. dxe5 Qxd2+ 18. Kxd2 Rac8 19. c3 Rc5 20. b4 Rd5+ 21. Kc2 Bxe5 22. Bxe5 Rxe5 23. Rad1 Bc6 24. Rd4 Kg7 25. Rg3 f5 26. c4 f4 27. Ra3 e3 28. f3 Bxf3 29. Bxf3 e2 30. Bxe2 Rxe2+ 31. Kd1 Re6 32. Rf3 Ref6 33. g5 Rf5 34. Rd7 Kf7 35. Ke2 Rc8 36. Kd3 a5 37. a3 axb4 38. axb4 Rc6 39. Ke4 Rxc4+ 40. Rd4 Rxd4+ 41. Kxd4 Ke6 42. Ke4 Re5+ 0-1